header

Alfresco 3 business solutions (Record no. 137709)

MARC details
000 -LEADER
fixed length control field 01224nam a2200325Ia 4500
100 1# - MAIN ENTRY--AUTHOR NAME
Personal name Bergljung, Martin.
245 10 - TITLE STATEMENT
Title Alfresco 3 business solutions
260 ## - PUBLICATION, DISTRIBUTION, ETC. (IMPRINT)
Place of publication Birmingham, U.K. :
Name of publisher Packt Publishing Ltd.,
Year of publication c2011.
300 ## - PHYSICAL DESCRIPTION
Number of Pages 582 p. :
Other physical details ill.
500 ## - GENERAL NOTE
General note Includes index.
650 #0 - SUBJECT ADDED ENTRY--TOPICAL TERM
Topical Term Commercial documents
Topical Term Web site development.
Topical Term Database management.
Topical Term Digital media
Topical Term Information resources management.
856 40 - ELECTRONIC LOCATION AND ACCESS
Uniform Resource Identifier http://site.ebrary.com/lib/rucke/Doc?id=10448393

No items available.

© 2026 Rongo University
Contact us: librarian | system librarian | Rongo university